[Event "World Rapid 2025"]
[Site "Doha QAT"]
[Date "2025.12.26"]
[Round "5.14"]
[White "Praggnanandhaa, R"]
[Black "Chanda, Sandipan"]
[Result "0-1"]
[WhiteTitle "GM"]
[BlackTitle "GM"]
[WhiteElo "2761"]
[BlackElo "2490"]
[WhiteFideId "25059530"]
[BlackFideId "5004225"]
[EventDate "2025.12.26"]
[EventType "rapid"]

1. e4 Nc6 2. Nf3 e5 3. Bc4 Na5 4. Nxe5 Nxc4 5. Nxc4 d5 6. exd5 Qxd5 7. Ne3 Qc6
8. d4 Bd7 9. O-O O-O-O 10. Nd2 Qg6 11. Nf3 f6 12. c4 h5 13. Kh1 Nh6 14. Bd2 Ng4
15. b4 h4 16. h3 Nxe3 17. Bxe3 Qf7 18. d5 g5 19. Qd4 b6 20. Bxg5 fxg5 21. Qxh8
Bxb4 22. Nxg5 Qf4 23. Qh5 Bc3 24. Rac1 Bf6 25. Nf3 Rh8 26. Qg6 Bxh3 27. gxh3
Qxf3+ 28. Qg2 Qa3 29. c5 bxc5 30. d6 Rd8 31. Qg4+ Rd7 32. dxc7 Kxc7 33. Rb1 Qa6
34. Qf3 Qc6 35. Qxc6+ Kxc6 36. Rb8 c4 37. Rc8+ Kd5 38. Rc1 c3 39. Rd1+ Ke6 40.
Rxd7 Kxd7 41. Rc4 Kd6 42. Kg2 Kd5 43. Rc8 Ke4 44. Kf1 Kd3 45. Ke1 c2 0-1

[Event "World Rapid 2025"]
[Site "Doha QAT"]
[Date "2025.12.26"]
[Round "5.15"]
[White "Robson, Ray"]
[Black "Hakobyan, Aram"]
[Result "1-0"]
[WhiteTitle "GM"]
[BlackTitle "GM"]
[WhiteElo "2650"]
[BlackElo "2613"]
[WhiteFideId "2023970"]
[BlackFideId "13306677"]
[EventDate "2025.12.26"]
[EventType "rapid"]

1. d4 Nf6 2. c4 e6 3. Nc3 Bb4 4. e3 O-O 5. Bd3 b6 6. Ne2 d5 7. a3 Bd6 8. e4 dxe4
9. Nxe4 Bb7 10. Nxd6 cxd6 11. Bg5 h6 12. Bh4 Nbd7 13. Nc3 Bxg2 14. Rg1 Bb7 15.
Qd2 Kh8 16. O-O-O Rg8 17. Kb1 Qf8 18. f4 d5 19. cxd5 exd5 20. f5 a6 21. Qf4 Rc8
22. Rg2 Rxc3 23. bxc3 Qxa3 24. Qc1 Qxc1+ 25. Rxc1 b5 26. Rcg1 Ne4 27. Kb2 Kh7
28. Be7 Nb6 29. Bxe4 dxe4 30. Bf6 g6 31. fxg6+ fxg6 32. h4 e3 33. Rg3 Nc4+ 34.
Kc1 Be4 35. Rg4 Bf5 36. Rf4 e2 37. Rf2 Re8 38. Re1 Re3 39. d5 Bg4 40. Bd4 Rd3
41. Rexe2 Bxe2 42. Rxe2 Kg8 43. Re6 a5 44. d6 Nxd6 45. Rxg6+ Kh7 46. Rxd6 b4 47.
h5 bxc3 48. Rd8 1-0

[Event "World Rapid 2025"]
[Site "Doha QAT"]
[Date "2025.12.26"]
[Round "5.16"]
[White "Shimanov, Aleksandr"]
[Black "Esipenko, Andrey"]
[Result "1/2-1/2"]
[WhiteTitle "GM"]
[BlackTitle "GM"]
[WhiteElo "2578"]
[BlackElo "2698"]
[WhiteFideId "4198603"]
[BlackFideId "24175439"]
[EventDate "2025.12.26"]
[EventType "rapid"]

1. e4 e5 2. Nf3 Nc6 3. Nc3 Nf6 4. h3 Bb4 5. Nd5 Nxd5 6. exd5 e4 7. dxc6 exf3 8.
Qxf3 dxc6 9. Bc4 O-O 10. O-O Qd7 11. Re1 Qf5 12. Re3 Bd6 13. d3 1/2-1/2

[Event "World Rapid 2025"]
[Site "Doha QAT"]
[Date "2025.12.26"]
[Round "5.17"]
[White "Zemlyanskii, Ivan"]
[Black "Bortnyk, Olexandr"]
[Result "1/2-1/2"]
[WhiteTitle "GM"]
[BlackTitle "GM"]
[WhiteElo "2592"]
[BlackElo "2601"]
[WhiteFideId "24249971"]
[BlackFideId "14120828"]
[EventDate "2025.12.26"]
[EventType "rapid"]

1. e4 Nf6 2. e5 Nd5 3. d4 d6 4. Bc4 Nb6 5. Bb3 dxe5 6. Qh5 e6 7. dxe5 c5 8. Na3
g6 9. Qe2 Bd7 10. Nf3 Bc6 11. O-O N8d7 12. Rd1 Qc7 13. Bf4 Bg7 14. Re1 a6 15. c3
O-O 16. Rad1 Rad8 17. Bg5 Rc8 18. Bf4 c4 19. Bc2 Bxf3 20. gxf3 Qc5 21. Bg3 Qe7
22. f4 Rc7 23. Be4 Rfc8 24. Rd6 Na4 25. Red1 b5 26. Rxa6 Ndc5 27. Rad6 Nxe4 28.
Qxe4 Nxb2 29. Rb1 Na4 30. Qd4 h5 31. h4 Rc5 32. Rxb5 Nxc3 33. Rxc5 Ne2+ 34. Kh2
Nxd4 35. Rxc8+ Kh7 36. Rxd4 Qxa3 37. Rcxc4 g5 38. fxg5 Qxa2 39. Rf4 Bxe5 40.
Rxf7+ Kg6 41. Bxe5 Kxf7 42. Rf4+ Kg8 43. Rf6 Qe2 44. Rg6+ Kf7 45. Rf6+ Kg8 46.
Bg3 Kg7 47. Rf4 Kg6 48. Rf8 Kg7 49. Rf6 Qe4 50. Rf4 Qe2 1/2-1/2

[Event "World Rapid 2025"]
[Site "Doha QAT"]
[Date "2025.12.26"]
[Round "5.18"]
[White "Martinez Alcantara, Jose Eduardo"]
[Black "Hovhannisyan, Robert"]
[Result "0-1"]
[WhiteTitle "GM"]
[BlackTitle "GM"]
[WhiteElo "2667"]
[BlackElo "2621"]
[WhiteFideId "3805662"]
[BlackFideId "13302507"]
[EventDate "2025.12.26"]
[EventType "rapid"]

1. b3 d5 2. Bb2 Nf6 3. Nf3 Bf5 4. g3 Nc6 5. Bg2 Qd7 6. O-O Bh3 7. e3 h5 8. Qe2
h4 9. d3 Bxg2 10. Kxg2 hxg3 11. fxg3 e5 12. Kg1 Qg4 13. Nc3 O-O-O 14. Rae1 Bd6
15. Nd2 Qg6 16. Qg2 Rh5 17. Nf3 Rdh8 18. Nh4 Qg4 19. Nd1 Qe6 20. c4 g5 21. cxd5
Nxd5 22. Nf3 g4 23. Nh4 Be7 24. e4 Nf4 25. Rxf4 exf4 26. Bxh8 Rxh8 27. Nf5 Ne5
28. Rf1 fxg3 29. Qxg3 Rh3 30. Qf4 Rxd3 31. Nde3 Bc5 32. Kh1 Bxe3 33. Nxe3 b6 34.
Nd5 Kb7 35. Qf5 c6 36. Qxe6 fxe6 37. Nf4 Rd2 38. h4 gxh3 39. Nxh3 Rxa2 40. Nf4
Rb2 41. Nxe6 Rxb3 42. Rf5 Ng4 43. Nd4 Rc3 44. e5 Rc1+ 0-1

[Event "World Rapid 2025"]
[Site "Doha QAT"]
[Date "2025.12.26"]
[Round "5.19"]
[White "Makhnev, Denis"]
[Black "Sarana, Alexey"]
[Result "0-1"]
[WhiteTitle "GM"]
[BlackTitle "GM"]
[WhiteElo "2532"]
[BlackElo "2673"]
[WhiteFideId "13707647"]
[BlackFideId "24133795"]
[EventDate "2025.12.26"]
[EventType "rapid"]

1. d4 d5 2. Nf3 Nf6 3. c4 e6 4. g3 dxc4 5. Bg2 Nc6 6. O-O Rb8 7. Qc2 b5 8. b3
Nb4 9. Qb2 cxb3 10. axb3 Bb7 11. Rxa7 Be7 12. Bd2 O-O 13. Rc1 Ra8 14. Rxa8 Bxa8
15. Na3 Qb8 16. Nc2 Nxc2 17. Qxc2 Ba3 18. Ra1 Be4 19. Qd1 Bd6 20. Qc1 Qb7 21.
Ra5 Qd5 22. Bg5 Nd7 23. Bf4 Qxb3 24. Bxd6 cxd6 25. Ra7 Bxf3 26. Bxf3 Nf6 27. Rb7
d5 28. Qc5 g5 29. h3 h5 30. Qc1 Nh7 31. Bxh5 Qc4 32. Qb2 Nf6 33. Bf3 Ra8 34.
Rxb5 Ra2 35. Rb8+ Kg7 36. Qb1 Ne4 37. Rb4 Qc3 38. Qxa2 Qe1+ 39. Kh2 Qxf2+ 40.
Bg2 Qxg3+ 41. Kg1 Qe1+ 42. Kh2 Qxb4 43. Bxe4 dxe4 44. d5 Qd6+ 0-1

[Event "World Rapid 2025"]
[Site "Doha QAT"]
[Date "2025.12.26"]
[Round "5.20"]
[White "Van Foreest, Jorden"]
[Black "Makarian, Rudik"]
[Result "0-1"]
[WhiteTitle "GM"]
[BlackTitle "GM"]
[WhiteElo "2692"]
[BlackElo "2524"]
[WhiteFideId "1039784"]
[BlackFideId "44105681"]
[EventDate "2025.12.26"]
[EventType "rapid"]

1. e4 e5 2. Nf3 Nc6 3. Bb5 a6 4. Ba4 Nf6 5. O-O Be7 6. d3 b5 7. Bb3 d6 8. c3 O-O
9. Bc2 h6 10. Re1 Re8 11. Nbd2 Bd7 12. Nf1 Bf8 13. Ng3 a5 14. d4 a4 15. h3 Na5
16. Bd3 c5 17. Bd2 Qb6 18. Be3 Nc6 19. d5 Ne7 20. Bf1 Qd8 21. Nd2 Ng6 22. Nb1
Be7 23. Na3 Qa5 24. c4 b4 25. Nb5 Reb8 26. Bd2 Qd8 27. Nf5 Ne8 28. Qf3 Bxb5 29.
cxb5 a3 30. b3 Bg5 31. Bxg5 Qxg5 32. g3 Qf6 33. Qg4 Nc7 34. Re3 Ne7 35. Nxg7
Qxg7 36. Qd7 Ncxd5 37. exd5 Qf6 38. Bc4 Rd8 39. Qg4+ Qg5 40. Qf3 Nf5 41. Rf1 Nd4
42. Qg2 f5 43. f4 exf4 44. gxf4 Qxg2+ 45. Kxg2 Re8 46. Re6 Nxe6 47. dxe6 Kf8 48.
Kf3 Ke7 49. b6 Rab8 50. Bd5 Rxb6 51. Rg1 Kf6 52. h4 Rbb8 53. e7 h5 54. Rg5 Rxe7
55. Rxh5 Rbe8 56. Bc4 d5 57. Bb5 Re3+ 58. Kf2 R8e7 59. Rh6+ Kg7 60. Rd6 c4 61.
bxc4 Re2+ 0-1

[Event "World Rapid 2025"]
[Site "Doha QAT"]
[Date "2025.12.26"]
[Round "5.21"]
[White "Lodici, Lorenzo"]
[Black "Anton Guijarro, David"]
[Result "0-1"]
[WhiteTitle "GM"]
[BlackTitle "GM"]
[WhiteElo "2590"]
[BlackElo "2646"]
[WhiteFideId "884189"]
[BlackFideId "2285525"]
[EventDate "2025.12.26"]
[EventType "rapid"]

1. e4 c6 2. d4 d5 3. exd5 cxd5 4. Bd3 Nc6 5. c3 Nf6 6. Bf4 Bg4 7. Qb3 e5 8. h3
Be6 9. Bxe5 Nxe5 10. dxe5 Nd7 11. Nf3 Qc7 12. Bb5 O-O-O 13. Bxd7+ Qxd7 14. Nd4
f6 15. exf6 Re8 16. O-O Bxh3 17. gxh3 gxf6 18. c4 Rg8+ 19. Kh1 Re4 20. Nb5 dxc4
21. Qf3 Rh4 22. Kh2 Qxb5 23. Rg1 Bd6+ 24. Kh1 Rxg1+ 25. Kxg1 Qxb2 26. Qd5 Qxa1 0-1

[Event "World Rapid 2025"]
[Site "Doha QAT"]
[Date "2025.12.26"]
[Round "5.22"]
[White "Materia, Marco"]
[Black "Niemann, Hans Moke"]
[Result "0-1"]
[WhiteTitle "IM"]
[BlackTitle "GM"]
[WhiteElo "2497"]
[BlackElo "2725"]
[WhiteFideId "45150451"]
[BlackFideId "2093596"]
[EventDate "2025.12.26"]
[EventType "rapid"]

1. d4 d5 2. c4 c6 3. Nf3 Nf6 4. Nc3 e6 5. Bg5 h6 6. Bxf6 Qxf6 7. e3 g6 8. Be2
Bg7 9. O-O O-O 10. cxd5 exd5 11. b4 a6 12. a4 Be6 13. Rc1 Nd7 14. b5 axb5 15.
axb5 Rfc8 16. bxc6 bxc6 17. Qd2 Bf8 18. Ra1 Bd6 19. Rxa8 Rxa8 20. Rc1 Kg7 21. h3
Qd8 22. e4 Qa5 23. e5 Bb4 24. Qe3 Qa3 25. Nd1 c5 26. dxc5 Bxc5 27. Qxa3 Rxa3 28.
Nc3 Bb6 29. Kf1 g5 30. g4 Rb3 31. Nb5 Rb4 32. Nc7 Nc5 33. Ne8+ Kf8 34. Nf6 Ne4
35. Ra1 Ke7 36. Ng8+ Kd7 37. Nxh6 Bxf2 38. Bd3 Rb2 39. Nf5 Bc5 40. N5d4 Nd2+ 41.
Ke1 Nxf3+ 42. Nxf3 Bf2+ 43. Kd1 Be3 44. Ra3 d4 45. Ra7+ Ke8 46. Ra8+ Ke7 47.
Ra7+ Kd8 48. Ra8+ Kc7 49. Ra7+ Kb8 50. Ra5 Rf2 51. Be4 Bb3+ 52. Ke1 Bc4 53. Ra8+
Kc7 54. Kd1 Be2+ 55. Ke1 Bxf3 56. Ra7+ Kb6 57. Rxf7 Bxe4 58. e6 Ra2 59. e7 d3
60. Rf6+ Ka7 0-1

[Event "World Rapid 2025"]
[Site "Doha QAT"]
[Date "2025.12.26"]
[Round "5.23"]
[White "Gharibyan, Mamikon"]
[Black "Iturrizaga Bonelli, Eduardo"]
[Result "1/2-1/2"]
[WhiteTitle "GM"]
[BlackTitle "GM"]
[WhiteElo "2491"]
[BlackElo "2592"]
[WhiteFideId "13308300"]
[BlackFideId "3901211"]
[EventDate "2025.12.26"]
[EventType "rapid"]

1. d4 Nf6 2. c4 e6 3. Nf3 Bb4+ 4. Nbd2 O-O 5. a3 Bxd2+ 6. Bxd2 d6 7. Bg5 Qe7 8.
e3 e5 9. Be2 Re8 10. O-O Nbd7 11. Rc1 Nf8 12. c5 Ng6 13. cxd6 cxd6 14. Nh4 Nf8
15. Qa4 Bd7 16. Bb5 Bxb5 17. Qxb5 h6 18. Bxf6 Qxf6 19. Nf3 Re7 20. dxe5 dxe5 21.
Rfd1 Rae8 22. Qa4 a6 23. Qe4 Qb6 24. b4 Nd7 25. h3 Nf6 26. Qc4 g6 27. a4 Kg7 28.
a5 Qe6 29. Qxe6 Rxe6 30. Rc5 R8e7 31. Rd8 b6 32. axb6 Rxb6 33. Rxe5 Rxe5 1/2-1/2

[Event "World Rapid 2025"]
[Site "Doha QAT"]
[Date "2025.12.26"]
[Round "5.24"]
[White "Ansat, Aldiyar"]
[Black "Matlakov, Maxim"]
[Result "0-1"]
[WhiteTitle "IM"]
[BlackTitle "GM"]
[WhiteElo "2479"]
[BlackElo "2606"]
[WhiteFideId "13715658"]
[BlackFideId "4168003"]
[EventDate "2025.12.26"]
[EventType "rapid"]

1. e4 c5 2. Nf3 e6 3. d4 cxd4 4. Nxd4 Nc6 5. Nc3 a6 6. a3 Nxd4 7. Qxd4 b5 8. Be2
Bb7 9. O-O Qc7 10. Be3 Qd6 11. Rfd1 Qxd4 12. Bxd4 Ne7 13. f4 Rc8 14. Bf3 Ng6 15.
g3 Bc5 16. Bxc5 Rxc5 17. Rd6 Bc6 18. Kf2 e5 19. Ke3 a5 20. Bg4 h5 21. Bf5 Ne7
22. Bh3 Nc8 23. Rd2 Nb6 24. Bf1 h4 25. fxe5 Rxe5 26. Bd3 hxg3 27. hxg3 O-O 28.
Rh2 f6 29. Rah1 Kf7 30. Rh8 b4 31. Rxf8+ Kxf8 32. axb4 axb4 33. Ne2 Bxe4 34.
Bxe4 d5 35. Nf4 Rxe4+ 36. Kd3 Na4 37. b3 Nc5+ 38. Kd2 g5 39. Ne2 Kg7 40. Ra1 Re5
41. Ra5 Ne4+ 42. Kd3 Kg6 43. Rb5 Nf2+ 44. Kd2 Ne4+ 45. Kd3 Kh5 46. Rxb4 Kg4 47.
c4 Nf2+ 48. Kd2 Kf3 49. Nd4+ Kxg3 50. Ne2+ Kf3 51. c5 Ne4+ 52. Rxe4 dxe4 53. c6
Rc5 54. Nd4+ Kf2 55. b4 Rc4 56. b5 Rxd4+ 57. Kc3 Rd1 58. Kc2 Rd5 0-1

[Event "World Rapid 2025"]
[Site "Doha QAT"]
[Date "2025.12.26"]
[Round "5.25"]
[White "Meng, Yihan"]
[Black "Kozak, Adam"]
[Result "1/2-1/2"]
[WhiteTitle "IM"]
[BlackTitle "GM"]
[WhiteElo "2456"]
[BlackElo "2546"]
[WhiteFideId "8631891"]
[BlackFideId "753246"]
[EventDate "2025.12.26"]
[EventType "rapid"]

1. e4 e5 2. Nf3 Nc6 3. Bc4 Bc5 4. d3 Nf6 5. O-O d6 6. c3 a5 7. Re1 Ba7 8. Na3
O-O 9. Nb5 Bb6 10. Be3 Bxe3 11. Rxe3 Na7 12. Nxa7 Rxa7 13. h3 a4 14. d4 Qe7 15.
Bf1 g6 16. c4 c5 17. d5 Bd7 18. Nd2 Nh5 19. Nb1 Ng7 20. Nc3 f5 21. exf5 Nxf5 22.
Rf3 Raa8 23. Bd3 Nd4 24. Rg3 Kh8 25. Qd2 Rf4 26. Ne2 Nxe2+ 27. Qxe2 Qf6 28. Be4
Qh4 29. Re3 Bf5 30. g3 Qg5 31. Kh2 Rxe4 32. Rxe4 Bxe4 33. Qxe4 Qd2 34. Rf1 Rf8
35. Kg2 Qxb2 36. Qh4 Kg8 37. Qe7 Qb6 38. Re1 Rf7 39. Qe8+ Kg7 40. Qxa4 Qb2 41.
Rf1 Qe2 42. Kg1 e4 43. Qb3 Kg8 44. a4 b6 45. h4 Kg7 46. Qc3+ Kh6 47. Qc1+ Kg7
48. Qc3+ Rf6 49. Qb3 h6 50. Qc3 g5 51. hxg5 hxg5 52. Qe3 Qxe3 53. fxe3 Rf3 54.
Rxf3 exf3 55. g4 Kf6 56. Kf2 Ke5 57. Kxf3 Kf6 58. Ke4 Kg6 59. Kd3 Kf6 60. Kc3
Ke5 61. Kd2 Kf6 62. Kc2 Ke5 63. Kd3 Kf6 64. Kc3 Ke5 65. Kd3 1/2-1/2

[Event "World Rapid 2025"]
[Site "Doha QAT"]
[Date "2025.12.26"]
[Round "5.26"]
[White "Petrov, Nikita"]
[Black "Firouzja, Alireza"]
[Result "1/2-1/2"]
[WhiteTitle "GM"]
[BlackTitle "GM"]
[WhiteElo "2578"]
[BlackElo "2762"]
[WhiteFideId "4101286"]
[BlackFideId "12573981"]
[EventDate "2025.12.26"]
[EventType "rapid"]

1. d4 Nf6 2. c4 g6 3. g3 c5 4. dxc5 Qa5+ 5. Nc3 Bg7 6. Bd2 Qxc5 7. Rc1 O-O 8.
Bg2 Nc6 9. b3 Ng4 10. Ne4 Qa3 11. h3 Nf6 12. Nc3 a6 13. Nf3 Rd8 14. e4 d6 15.
O-O Be6 16. Rc2 Rac8 17. Qe2 Qc5 18. Be3 Qa5 19. Bd2 Nb4 20. Rcc1 Nxa2 21. Nd5
Nxc1 22. Rxc1 Qa3 23. Nxe7+ Kh8 24. Nxc8 Rxc8 25. Nd4 Nd7 26. Be3 Nc5 27. Rb1
Bd7 28. Qd2 Kg8 29. Kh2 Re8 30. f3 a5 31. Bf4 Be5 32. Be3 Qb4 33. Qc2 h5 34. h4
Qb6 35. Ne2 Qd8 36. Bg5 f6 37. Be3 f5 38. f4 Bg7 39. Bxc5 dxc5 40. e5 Qc8 41.
Nc3 Be6 42. Rd1 Bf8 43. Bd5 Kg7 44. Bxe6 Rxe6 45. Qd2 Qc6 46. Qd5 Re7 47. Na4
Rc7 48. Qxc6 bxc6 49. Kg2 Rb7 50. Rd3 Kf7 51. Kf3 Be7 52. Ke2 Ke6 53. Kd2 Rb8
54. Ke2 Rb7 55. Kf3 Rb8 1/2-1/2

[Event "World Rapid 2025"]
[Site "Doha QAT"]
[Date "2025.12.26"]
[Round "5.27"]
[White "Nesterov, Arseniy"]
[Black "Abdusattorov, Nodirbek"]
[Result "0-1"]
[WhiteTitle "GM"]
[BlackTitle "GM"]
[WhiteElo "2595"]
[BlackElo "2732"]
[WhiteFideId "24198455"]
[BlackFideId "14204118"]
[EventDate "2025.12.26"]
[EventType "rapid"]

1. d4 d5 2. c4 dxc4 3. Nf3 Nf6 4. e3 Bg4 5. Bxc4 e6 6. Nc3 Nbd7 7. h3 Bh5 8. O-O
c6 9. Be2 Be7 10. e4 O-O 11. Be3 a6 12. Rc1 Bg6 13. Bd3 Rc8 14. e5 Nd5 15. Bxg6
hxg6 16. Nxd5 cxd5 17. Qd2 Nb8 18. Rxc8 Qxc8 19. Bg5 Qd8 20. Bxe7 Qxe7 21. Rc1
Nc6 22. h4 f6 23. exf6 gxf6 24. Rc3 Qf7 25. Nh2 Qh7 26. Nf3 Qh5 27. b4 Qh7 28.
Re3 Qf7 29. a4 Qd7 30. b5 axb5 31. axb5 Ne7 32. Re1 Kf7 33. Qf4 Kg7 34. Qe3 Kf7
35. Qf4 Kg7 36. b6 Nc6 37. h5 gxh5 38. Qh4 Rh8 39. Re3 Qf7 40. Qh3 Re8 41. Nh4
Kh7 42. Nf3 Kg7 43. Qg3+ Qg6 44. Qd6 Qf7 45. Qg3+ Qg6 46. Qd6 Kf7 47. Rc3 Qb1+
48. Kh2 Qxb6 49. Qf4 Qd8 50. Rb3 Qb8 51. Qxb8 Rxb8 52. Rb6 Ke7 53. Kg3 Kd6 54.
Kf4 Kc7 55. Rb1 b5 56. Ke3 b4 57. Nd2 h4 58. Rh1 Rh8 59. Rh3 Kd6 60. g3 Ne7 61.
g4 Ng6 62. Rh1 h3 63. Nf3 b3 64. Kd2 Nf4 65. Ke3 e5 66. g5 Ng2+ 67. Kd2 e4 68.
g6 exf3 69. Rxh3 Rg8 70. Rxf3 Rxg6 71. Rxb3 Ke6 72. f3 Kf5 73. Rb5 Nf4 74. Ke3
Rg2 75. Rb2 Kg5 76. Rc2 f5 77. Rb2 Rg1 78. Rh2 Rg2 0-1

[Event "World Rapid 2025"]
[Site "Doha QAT"]
[Date "2025.12.26"]
[Round "5.28"]
[White "Dubov, Daniil"]
[Black "Idani, Pouya"]
[Result "1-0"]
[WhiteTitle "GM"]
[BlackTitle "GM"]
[WhiteElo "2672"]
[BlackElo "2611"]
[WhiteFideId "24126055"]
[BlackFideId "12510130"]
[EventDate "2025.12.26"]
[EventType "rapid"]

1. d4 Nf6 2. Nf3 d5 3. c4 e6 4. g3 c5 5. Bg2 cxd4 6. O-O Bc5 7. Nxd4 O-O 8. Nb3
Be7 9. cxd5 Nxd5 10. Bd2 Nc6 11. Nc3 Nxc3 12. Bxc3 Qb6 13. Nd4 Nb4 14. Qb3 e5
15. Bxb4 Bxb4 16. a3 exd4 17. Qxb4 Bg4 18. Qxb6 axb6 19. Rfd1 Rad8 20. Rd2 Rfe8
21. Kf1 Rd7 22. h3 Be6 23. Rc1 Kf8 24. f4 Red8 25. Kf2 b5 26. Rc5 Bc4 27. b3
Bxb3 28. Rxb5 Be6 29. f5 Bd5 30. Rxd4 Bc6 31. Rxd7 Rxd7 32. Rb3 Ke7 33. g4 h6
34. Rc3 Bxg2 35. Kxg2 Rd2 36. Kf3 Ra2 37. Rb3 b5 38. e4 Kd6 39. Kf4 Rf2+ 40. Ke3
Ra2 41. Kd4 f6 42. Rxb5 Rxa3 43. Rb7 Rxh3 44. Rxg7 Rh1 45. Rf7 Rd1+ 46. Ke3 Re1+
47. Kf3 Rf1+ 48. Kg2 1-0

[Event "World Rapid 2025"]
[Site "Doha QAT"]
[Date "2025.12.26"]
[Round "5.29"]
[White "Can, Emre"]
[Black "Andreikin, Dmitry"]
[Result "0-1"]
[WhiteTitle "GM"]
[BlackTitle "GM"]
[WhiteElo "2541"]
[BlackElo "2710"]
[WhiteFideId "6302181"]
[BlackFideId "4158814"]
[EventDate "2025.12.26"]
[EventType "rapid"]

1. d4 Nf6 2. c4 e6 3. Nf3 b6 4. g3 Bb7 5. Bg2 Bb4+ 6. Nbd2 O-O 7. O-O a5 8. Qc2
Bxd2 9. Bxd2 Be4 10. Qb3 Nc6 11. Qc3 d5 12. Rfd1 h6 13. Bf4 dxc4 14. Qxc4 Bd5
15. Qa4 Qb8 16. Ne5 b5 17. Nxc6 bxa4 18. Nxb8 Rfxb8 19. Rd2 Ra7 20. Rc1 Rab7 21.
b3 axb3 22. axb3 Rxb3 23. f3 Rb1 24. Rc2 a4 25. e4 a3 26. exd5 Nxd5 27. Bd2
Rxc1+ 28. Bxc1 Rb1 29. Bf1 Nb4 0-1

[Event "World Rapid 2025"]
[Site "Doha QAT"]
[Date "2025.12.26"]
[Round "5.30"]
[White "Vokhidov, Shamsiddin"]
[Black "Maghsoodloo, Parham"]
[Result "0-1"]
[WhiteTitle "GM"]
[BlackTitle "GM"]
[WhiteElo "2641"]
[BlackElo "2708"]
[WhiteFideId "14204223"]
[BlackFideId "12539929"]
[EventDate "2025.12.26"]
[EventType "rapid"]

1. e4 c5 2. Nf3 d6 3. d4 cxd4 4. Nxd4 Nf6 5. Nc3 a6 6. a4 Bd7 7. a5 Nc6 8. Nb3
e6 9. Be3 Be7 10. Be2 O-O 11. O-O Rc8 12. Bb6 Qe8 13. f4 Nb4 14. Bf3 Bc6 15. Re1
e5 16. f5 h6 17. Qd2 Bd7 18. Rac1 Ba4 19. Ra1 Bxb3 20. cxb3 Nd7 21. Ra4 d5 22.
exd5 Nxb6 23. axb6 Qd8 24. Kh1 Bg5 25. Qd1 Qxb6 26. Rxe5 Rfe8 27. Rxe8+ Rxe8 28.
Ne4 Rc8 29. Ra1 Nc2 30. Rb1 Nd4 31. Nxg5 hxg5 32. Rc1 Re8 33. d6 Qxd6 34. Bxb7
a5 35. Rc8 Rxc8 36. Bxc8 Nxf5 37. Qxd6 Nxd6 38. Ba6 Kf8 39. Kg1 Ke7 40. Kf2 Ke6
41. Ke3 Ke5 42. Kd3 Kd5 43. Ke3 Kc5 44. Bd3 Kd5 45. Bc2 f5 46. g3 Ne4 47. Bd3
Ke5 48. Bc4 Nc5 49. Bg8 g4 50. Bf7 g5 51. Bg8 f4+ 52. Ke2 Kd4 53. Bf7 Ne4 54.
Be6 f3+ 55. Kf1 Ke3 56. Bc4 Nd2+ 0-1

[Event "World Rapid 2025"]
[Site "Doha QAT"]
[Date "2025.12.26"]
[Round "5.31"]
[White "Santos Latasa, Jaime"]
[Black "Rakhmanov, Aleksandr"]
[Result "1-0"]
[WhiteTitle "GM"]
[BlackTitle "GM"]
[WhiteElo "2616"]
[BlackElo "2585"]
[WhiteFideId "2293307"]
[BlackFideId "4173708"]
[EventDate "2025.12.26"]
[EventType "rapid"]

1. e4 d5 2. exd5 Qxd5 3. Nc3 Qd8 4. d4 Nf6 5. Nf3 Bg4 6. h3 Bxf3 7. Qxf3 c6 8.
Qd3 Na6 9. a3 Nc7 10. Be2 g6 11. O-O Bg7 12. Rd1 O-O 13. Bg5 Ne6 14. Be3 Qc7 15.
Bf3 Rfd8 16. Qc4 Rac8 17. a4 h5 18. Qb3 b6 19. a5 bxa5 20. Qa4 Rb8 21. Bxc6 Rb4
22. Qxa5 Qxa5 23. Rxa5 Rxb2 24. Ba4 Rc8 25. d5 Nf8 26. Nb5 Ra2 27. Rxa7 Ne4 28.
Bb3 Rxa7 29. Nxa7 Rc7 30. Nc6 Bf6 31. Bb6 Rb7 32. Bd8 Kg7 33. Re1 Nc5 34. Bxe7
Nxb3 35. cxb3 Rxb3 36. d6 Rd3 37. Rb1 Nd7 38. Kf1 Rd5 39. Rb7 Bxe7 40. dxe7 Nf6
41. Rb8 Rd1+ 42. Ke2 Rd6 43. Rc8 Re6+ 44. Kd3 Rd6+ 45. Nd4 1-0

[Event "World Rapid 2025"]
[Site "Doha QAT"]
[Date "2025.12.26"]
[Round "5.32"]
[White "Sevian, Samuel"]
[Black "Nogerbek, Kazybek"]
[Result "1-0"]
[WhiteTitle "GM"]
[BlackTitle "GM"]
[WhiteElo "2688"]
[BlackElo "2539"]
[WhiteFideId "2040506"]
[BlackFideId "13710427"]
[EventDate "2025.12.26"]
[EventType "rapid"]

1. e4 e5 2. Nf3 Nc6 3. Bc4 Nf6 4. d3 Bc5 5. c3 a5 6. Bg5 d6 7. Nbd2 Ba7 8. a4 h6
9. Bh4 Qe7 10. O-O g5 11. Bg3 Bg4 12. h3 Bh5 13. Re1 Bg6 14. Nf1 Nh5 15. Bh2 Nf4
16. Qb3 Rb8 17. Ne3 O-O 18. Nd5 Nxd5 19. exd5 Nd8 20. d4 e4 21. Nd2 f5 22. f3 e3
23. f4 Nf7 24. Nf1 gxf4 25. Bxf4 Qh4 26. Bxe3 f4 27. Bf2 Qf6 28. Re6 Qg7 29. Bh4
Ne5 30. Nh2 Bf5 31. Re7 Rf7 32. Rxf7 Kxf7 33. Rf1 Bxh3 34. Rxf4+ Kg8 35. Bf1 Bd7
36. Bf6 Qg6 37. Kh1 Nf7 38. Qd1 Re8 39. Bd3 Qg3 40. Rf1 Re3 41. Bb1 Ng5 42. Qh5
Ne4 43. Bxe4 Rxe4 44. Be5 dxe5 45. Qf7+ Kh8 46. Qf8+ Kh7 47. Rf7+ Kg6 48. Qg7+ 1-0

[Event "World Rapid 2025"]
[Site "Doha QAT"]
[Date "2025.12.26"]
[Round "5.33"]
[White "Le, Quang Liem"]
[Black "Pranesh, M"]
[Result "1-0"]
[WhiteTitle "GM"]
[BlackTitle "GM"]
[WhiteElo "2731"]
[BlackElo "2627"]
[WhiteFideId "12401137"]
[BlackFideId "35028600"]
[EventDate "2025.12.26"]
[EventType "rapid"]

1. d4 d5 2. c4 dxc4 3. Nf3 Nf6 4. e3 Bg4 5. Bxc4 e6 6. Nc3 Nc6 7. h3 Bh5 8. O-O
Bd6 9. Re1 O-O 10. g4 Bg6 11. e4 Bb4 12. Bg5 h6 13. Bh4 Be7 14. Bg3 Bb4 15. Bh4
Be7 16. Bxf6 Bxf6 17. e5 Be7 18. a3 Na5 19. Ba2 b5 20. d5 Nc4 21. Re2 exd5 22.
Nxd5 Bg5 23. Nxg5 hxg5 24. Bxc4 bxc4 25. Rd2 Bd3 26. Qf3 a5 27. b3 Qe8 28. Qe3
Rd8 29. bxc4 Bxc4 30. Rad1 Bxd5 31. Rxd5 Qe7 32. R1d3 a4 33. Ra5 Rxd3 34. Qxd3
Rd8 35. Qe3 Re8 36. Kg2 Kh8 37. Qc3 Kg8 38. Rc5 Qe6 39. Qd4 Qa6 40. Rxc7 Qa8+
41. Kh2 Qf3 42. Rc3 Qe2 43. Kg2 Rxe5 44. Qxa4 Re8 45. Qc6 Re6 46. Qa8+ Kh7 47.
Qf3 Qb2 48. Qf5+ Rg6 49. Rf3 f6 50. a4 Qa2 51. a5 Qa4 52. Re3 Qa2 53. Re8 Qf7
54. Qe6 Qb7+ 55. Kg1 Rh6 56. Qf5+ Rg6 57. Qc8 Qxc8 58. Rxc8 f5 59. gxf5 Rd6 60.
Rc1 Rd5 61. Ra1 Rxf5 62. a6 Rf8 63. a7 Ra8 64. Ra6 g6 65. Kg2 Kh6 66. Kg3 Kh5
67. Ra5 Kh6 68. Kf3 Kh5 69. Ra4 Kh6 70. Ke4 g4 71. hxg4 g5 1-0